[Event "Chile Championship Absolute 2022"]
[Site "Las Condes"]
[Date "2022.02.18"]
[Round "1.1"]
[White "Olivares Olivares, Claudio"]
[Black "Palma Neira, Eliseo Maximiliano"]
[Result "1-0"]
[WhiteElo "2380"]
[BlackElo "2029"]
[Annotator "ChessBase"]
[PlyCount "58"]
[EventDate "2022.02.18"]
[EventType "tourn"]
[EventCountry "CHI"]
[SourceTitle "playchess.com"]
[Source "ChessBase"]
[SourceQuality "1"]
[TimeControl "5400+30"]

1. e4 {[%emt 0:06:12]} c5 {[%emt 0:00:15]} 2. Nf3 {[%emt 0:00:27]} Nc6 {[%emt 0:00:07]} 3. d4 {[%emt 0:00:05]} cxd4 {[%emt 0:00:06]} 4. Nxd4 {[%emt 0:00:08]} Nf6 {[%emt 0:00:33]} 5. Nc3 {[%emt 0:00:07]} e5 {[%emt 0:00:12]} 6. Ndb5 {[%emt 0:00:06]} d6 {[%emt 0:00:12]} 7. Bg5 {[%emt 0:00:09]} a6 {[%emt 0:00:09]} 8. Na3 {[%emt 0:00:09]} b5 {[%emt 0:00:14]} 9. Bxf6 {[%emt 0:00:08]} gxf6 {[%emt 0:00:09]} 10. Nd5 {[%emt 0:00:06]} Bg7 {[%emt 0:00:18]} 11. Bd3 {[%emt 0:00:07]} Ne7 {[%emt 0:00:10]} 12. Nxe7 {[%emt 0:00:24]} Qxe7 {[%emt 0:00:06]} 13. c4 {[%emt 0:01:41]} O-O {[%emt 0:06:41]} 14. O-O {[%emt 0:05:19]} f5 {[%emt 0:02:57]} 15. Qf3 {[%emt 0:04:23]} Qb7 {[%emt 0:05:20]} 16. Qe2 {[%emt 0:35:14]} d5 {[%emt 0:11:44]} 17. cxd5 {[%emt 0:01:11]} fxe4 {[%emt 0:00:21]} 18. Bxe4 {[%emt 0:00:06]} f5 {[%emt 0:00:12]} 19. Bc2 {[%emt 0:00:08]} Kh8 {[%emt 0:07:33]} 20. Bb3 {[%emt 0:00:32]} e4 {[%emt 0:05:09]} 21. Rfd1 {[%emt 0:07:48]} Be5 {[%emt 0:03:49]} 22. d6 {[%emt 0:03:02]} Qg7 {[%emt 0:11:04]} 23. Rac1 {[%emt 0:02:23]} Ra7 {[%emt 0:03:26]} 24. Rc5 {[%emt 0:12:31]} Qf6 {[%emt 0:10:02]} 25. Qc2 {[%emt 0:04:39]} Be6 {[%emt 0:06:37]} 26. Rc7 {[%emt 0:09:33]} Rf7 {[%emt 0:10:06]} 27. Rxa7 {[%emt 0:02:09]} Rxa7 {[%emt 0:00:06]} 28. Bxe6 {[%emt 0:01:10]} Qxe6 {[%emt 0:00:09]} 29. d7 {[%emt 0:00:07]} Ra8 {[%emt 0:06:39]} 1-0

[Event "Chile Championship Absolute 2022"]
[Site "Las Condes"]
[Date "2022.02.18"]
[Round "1.4"]
[White "Diaz Vasquez, Martin"]
[Black "Bahamondes Ortiz, Benjamin"]
[Result "1-0"]
[WhiteElo "2253"]
[BlackElo "2164"]
[Annotator "ChessBase"]
[PlyCount "85"]
[EventDate "2022.02.18"]
[EventType "tourn"]
[EventCountry "CHI"]
[SourceTitle "playchess.com"]
[Source "ChessBase"]
[SourceQuality "1"]
[TimeControl "5400+30"]

1. Nf3 {[%emt 0:00:16]} c5 {[%emt 0:00:27]} 2. b3 {[%emt 0:00:29]} d6 {[%emt 0:00:10]} 3. Bb2 {[%emt 0:01:32]} e5 {[%emt 0:00:25]} 4. e4 {[%emt 0:02:29]} Nf6 {[%emt 0:00:11]} 5. Bb5+ {[%emt 0:03:19]} Nc6 {[%emt 0:01:34]} 6. Bxc6+ {[%emt 0:01:30]} bxc6 {[%emt 0:00:05]} 7. d3 {[%emt 0:00:19]} Be7 {[%emt 0:00:09]} 8. O-O {[%emt 0:04:16]} O-O {[%emt 0:00:06]} 9. Nfd2 {[%emt 0:01:59]} Ne8 {[%emt 0:16:03]} 10. Nc3 {[%emt 0:06:46]} f5 {[%emt 0:04:06]} 11. exf5 {[%emt 0:06:25]} Bxf5 {[%emt 0:00:28]} 12. Nce4 {[%emt 0:01:49]} Qd7 {[%emt 0:11:34]} 13. Qe2 {[%emt 0:04:06]} Nc7 {[%emt 0:00:48]} 14. Ng3 {[%emt 0:07:36]} Be6 {[%emt 0:03:26]} 15. c4 {[%emt 0:04:23]} a5 {[%emt 0:07:14]} 16. a4 {[%emt 0:05:07]} Rf4 {[%emt 0:12:44]} 17. Bc3 {[%emt 0:03:32]} Bf7 {[%emt 0:08:58]} 18. Qe1 {[%emt 0:05:12]} Ne6 {[%emt 0:01:32]} 19. Ne2 {[%emt 0:01:05]} Rg4 {[%emt 0:00:57]} 20. Ne4 {[%emt 0:02:01]} Bd8 {[%emt 0:02:26]} 21. f3 {[%emt 0:01:32]} Rg6 {[%emt 0:01:50]} 22. f4 {[%emt 0:05:58]} exf4 {[%emt 0:00:47]} 23. Nxf4 {[%emt 0:01:20]} Nxf4 {[%emt 0:02:33]} 24. Rxf4 {[%emt 0:00:02]} Bb6 {[%emt 0:00:43]} 25. Qf2 {[%emt 0:01:09]} Be6 {[%emt 0:03:56]} 26. Rf1 {[%emt 0:02:13]} Qe7 {[%emt 0:00:09]} 27. Ng3 {[%emt 0:01:57]} d5 {[%emt 0:02:55]} 28. Nf5 {[%emt 0:02:31]} Bxf5 {[%emt 0:01:12]} 29. Rxf5 {[%emt 0:00:01]} h6 {[%emt 0:02:36]} 30. Rf7 {[%emt 0:05:27]} Qd6 {[%emt 0:00:47]} 31. Rb7 {[%emt 0:01:07]} d4 {[%emt 0:00:45]} 32. Qf7+ {[%emt 0:01:39]} Kh7 {[%emt 0:00:06]} 33. Be1 {[%emt 0:02:04]} Rb8 {[%emt 0:06:20]} 34. Re7 {[%emt 0:03:27]} Rg8 {[%emt 0:02:06]} 35. Bg3 {[%emt 0:00:25]} Qd8 {[%emt 0:00:27]} 36. Be5 {[%emt 0:00:54]} Qc8 {[%emt 0:00:25]} 37. h3 {[%emt 0:03:57]} Bd8 {[%emt 0:00:47]} 38. Rd7 {[%emt 0:02:29]} Bg5 {[%emt 0:03:30]} 39. Qf5 {[%emt 0:00:37]} Kh8 {[%emt 0:00:38]} 40. Qxg6 {[%emt 0:01:21]} Qxd7 {[%emt 0:00:01]} 41. Rf7 {[%emt 0:00:29]} Be3+ {[%emt 0:00:54]} 42. Kh1 {[%emt 0:00:22]} Qe8 {[%emt 0:00:25]} 43. Bxg7+ {[%emt 0:00:13]} 1-0

[Event "Chile Championship Absolute 2022"]
[Site "Las Condes"]
[Date "2022.02.20"]
[Round "3.1"]
[White "Aguirre Contreras, Cristian Rodrigo"]
[Black "Palma Neira, Eliseo Maximiliano"]
[Result "1/2-1/2"]
[WhiteElo "2261"]
[BlackElo "2029"]
[Annotator "TA"]
[PlyCount "105"]
[EventDate "2022.02.18"]
[EventType "tourn"]
[EventCountry "CHI"]
[SourceTitle "playchess.com"]
[Source "ChessBase"]
[SourceQuality "1"]

{[%evp 14,105,22,9,22,0,14,0,0,0,6,0,0,0,0,0,0,0,0,0,0,0,0,0,58,75,61,61,104,108,105,36,33,8,16,14,16,0,0,0,0,0,0,0,0,0,0,0,0,0,0,0,0,0,0,0,0,0,0,0,0,0,0,0,0,0,0,0,0,0,0,0,16,0,0,-85,0,0,0,0,0,0,0,0,0,0,0,0,0,-12845,0,0,29991,29992]} 1. e4 e5 2. Nf3 Nc6 3. Bc4 Bc5 4. c3 Nf6 5. d3 a6 6. Bb3 Ba7 7. Nbd2 d6 8. h3 h6 {C54: Giuoco Piano: 4 c3 Nf6, main lines with 5 d4 and 5 d3.} 9. Nf1 O-O 10. Ng3 d5 {The position is equal. is the legacy move (10...Re8).} 11. O-O Re8 {[#]} 12. Nh2 $146 ({Predecessor:} 12. Qe2 Be6 13. Rd1 Qd7 14. Be3 Bxe3 15. Qxe3 Rad8 16. d4 exd4 17. Nxd4 Nxd4 18. Rxd4 {½-½ (18) Reinaldo Castineira,R (2490)-Gomez Garrido,C (2519) Pontevedra 2015}) 12... dxe4 13. dxe4 Qxd1 14. Rxd1 Be6 15. Nhf1 Bxb3 16. axb3 Rad8 17. Be3 Bxe3 18. Nxe3 g6 (18... Rxd1+ $11 19. Rxd1 Rd8) 19. Nd5 $14 Nxd5 20. exd5 Ne7 {[#]} (20... Nb8 $14) 21. Ne4 $1 $16 Rf8 22. c4 {White is more active.} ({Better is} 22. d6 $16 cxd6 23. Nxd6) 22... Nf5 23. Nc5 Nd6 24. Rd3 Rfe8 25. Re1 Re7 26. Rde3 {[%cal Of2f4]} Rde8 27. f3 a5 28. Ne4 {And now Nf6+ would win.} Kg7 {Inhibits Nf6.} 29. Nxd6 cxd6 $11 {[%mdl 4096] Endgame KRR-KRR} 30. Ra1 b6 31. b4 Rc8 32. bxa5 bxa5 33. b3 ({Much weaker is} 33. Rxa5 Rxc4 34. Rb3 Rd4 $15) 33... Rc5 34. Kf2 {[%cal Of3f4]} Rb7 35. Ke2 Rb4 36. Rc3 f5 37. Kd3 Kf6 38. h4 g5 39. hxg5+ Kxg5 40. g3 h5 41. Ke3 Rb7 42. f4+ Kg4 43. Kf2 exf4 44. Rh1 {[#]} (44. Rg1 $11) 44... fxg3+ (44... a4 $1 $17 45. Rh4+ Kg5 46. bxa4 Rb2+ 47. Kf3 fxg3 48. Kxg3 Rb4) 45. Rxg3+ Kf4 46. Rxh5 a4 47. Rh4+ Ke5 48. Re3+ Kf6 49. bxa4 Rb4 50. Ra3 Rcxc4 51. Rf4 {[%mdl 8192]} Rd4 $2 (51... Rxf4+ $19 52. Kg3 Rxa4) 52. Rxd4 Rc4 {[%mdl 8192]} 53. Rxc4 {[%mdl 32768] Weighted Error Value: White=0.27 (precise) /Black=0.33. An unexpected result.} 1/2-1/2

[Event "Chile Championship Absolute 2022"]
[Site "Las Condes"]
[Date "2022.02.20"]
[Round "3.2"]
[White "Vergara Rozas, Jose Francisco"]
[Black "Olivares Olivares, Claudio"]
[Result "0-1"]
[WhiteElo "2044"]
[BlackElo "2380"]
[Annotator "TA"]
[PlyCount "129"]
[EventDate "2022.02.18"]
[EventType "tourn"]
[EventCountry "CHI"]
[SourceTitle "playchess.com"]
[Source "ChessBase"]
[SourceQuality "1"]

{[%evp 9,129,20,45,18,27,24,14,18,31,12,39,26,14,14,22,16,38,15,27,30,20,15,40,0,25,-25,-13,-88,-77,-78,-62,-66,-65,-113,-79,-81,-49,-56,-50,-44,-36,-104,-96,-105,-29,-90,-82,-95,-81,-95,-91,-87,-85,-129,-121,-128,-121,-129,-108,-165,-164,-137,-95,-181,0,0,0,0,0,-1,0,-94,-94,-122,0,-8,-8,-143,-154,-154,-154,-139,-142,-268,-131,-131,-134,-145,-136,-232,-210,-214,-210,-197,-184,-314,-296,-312,-305,-305,-300,-672,-174,-726,-862,-587,-560,-844,-714,-4133,-2472,-1326,-1303,-2350,0,0,0,0,0,-29981,-29982,-29987]} 1. e4 c5 2. Nf3 d6 3. d4 cxd4 4. Qxd4 Nf6 5. Bg5 Nbd7 6. Bc4 {B53: Sicilian: 2...d6: Lines with Qxd4.} e5 {[#]} 7. Qe3 $146 ({Predecessor:} 7. Qd3 Nc5 8. Qd5 Nxd5 9. Bxd8 Nb4 10. Ng5 Nxc2+ 11. Kd1 Nxa1 12. Nxf7 Rg8 13. f3 {0-1 (21) Nash,P-Chicco,G IECC email 1998}) 7... Be7 8. Nc3 {The position is equal.} a6 9. a4 O-O (9... h6 $5 {[%cal Rh6g5]} 10. Bh4 Nb6 $11) 10. h3 Nb6 11. Bb3 Be6 $1 12. O-O Qc7 13. a5 Nc4 14. Bxc4 Qxc4 15. Rfd1 Rfd8 16. Rd2 Qb4 17. Bxf6 ({Better is} 17. b3) 17... Bxf6 $11 18. Qb6 (18. Rd3 $11 {remains equal.}) 18... Qxb6 $17 19. axb6 Kf8 20. Nd5 Bxd5 21. exd5 (21. Rxd5 $15 Rac8 22. c3) 21... Rac8 22. Ra4 Rc5 23. c4 $1 Rdc8 24. b3 Re8 25. Rc2 (25. h4 $15) 25... e4 26. Ne1 a5 (26... Rcc8 $17 {White must now prevent ...e3.} 27. Re2 Bd4) 27. Re2 (27. g3 $11) 27... Bd8 28. Nc2 Bxb6 29. Nd4 Re5 30. g4 g6 $1 31. Kg2 (31. Kf1 $142) 31... Rc8 32. Nb5 Ke7 33. Raa2 f5 34. f4 (34. gxf5 $17 {was necessary.} gxf5 35. f4 exf3+ 36. Kxf3) 34... exf3+ $1 $19 35. Kxf3 fxg4+ (35... Rf8 $142 {aiming for ...fxg4+.} 36. Rxe5+ dxe5 37. gxf5 gxf5 38. d6+ Ke6) 36. Kxg4 (36. hxg4 $17 {was the only chance.} Rf8+ 37. Kg2) 36... Rxe2 $2 (36... Be3 $19 {Hoping for ...Kd7.} 37. Rxa5 Rf8) 37. Rxe2+ {[%mdl 4096] Endgame KRB-KRN} Kd7 38. Re6 Bc5 39. Rf6 {Inhibits Rf8.} Re8 40. Rf7+ (40. Kg5 $1 $11) 40... Re7 $17 41. Rf8 {[#]} Re3 (41... Re4+ $1 $17 42. Kg3 Ke7) 42. Rf7+ $11 Kd8 43. Rxb7 (43. Rxh7 $11 Rxb3 44. Kg5) 43... Rxb3 $17 44. Rxh7 a4 45. Rh8+ Ke7 46. Kg5 (46. h4 $17 {is a better defense.}) 46... Rg3+ (46... a3 $19 {and Black stays clearly on top.} 47. Rh7+ Kf8 48. Rh8+ Kf7) 47. Kf4 Rg1 48. Ra8 a3 49. h4 (49. Nc3 $17) 49... Kf6 50. Ra6 {[#]} ({Not} 50. Nxa3 $2 Ra1 51. Rf8+ Kg7 $19) 50... Rf1+ $1 51. Ke4 Ke7 52. Nc3 ({But not} 52. Nxa3 $2 Ra1 53. h5 gxh5 $19) (52. Nc7 {was called for.}) 52... Rh1 $19 53. Kd3 Rh3+ ({Stronger than} 53... Rxh4 54. Ne4 $17) 54. Kc2 Rxh4 55. Kb3 (55. Na4 Bd4 56. Nc3) 55... Bd4 $2 (55... g5 {Threatens to win with ...Rh3.} 56. Na4 Rh3+ 57. Ka2 Rh2+ 58. Kb3 Bd4) 56. Kc2 $2 (56. Rxa3 g5 57. Kc2) 56... Rh2+ 57. Kd3 Bxc3 58. Kxc3 {[%cal Oc4c5] KR-KR} a2 59. c5 dxc5 {And now ...g5 would win.} 60. Kc4 g5 {...g4 is the strong threat.} 61. Kxc5 Rc2+ $2 ({Black should play} 61... g4 $19 62. d6+ Ke6) 62. Kd4 $11 g4 63. Ke5 $1 g3 {( -> ...g2)} 64. Ra7+ $2 {[%mdl 8192]} (64. d6+ $11 Kf7 65. Ra7+ Ke8 66. Ra8+ Kf7 67. d7) 64... Kf8 65. Kd4 {Weighted Error Value: White=0.76/Black=0.43} 0-1

[Event "Chile Championship Absolute 2022"]
[Site "Las Condes"]
[Date "2022.02.19"]
[Round "3.3"]
[White "Diaz Vasquez, Martin"]
[Black "Donoso Diaz, Sebastian"]
[Result "1/2-1/2"]
[WhiteElo "2253"]
[BlackElo "2212"]
[Annotator "TA"]
[PlyCount "33"]
[EventDate "2022.02.18"]
[EventType "tourn"]
[EventCountry "CHI"]
[SourceTitle "playchess.com"]
[Source "ChessBase"]
[SourceQuality "1"]

{[%evp 9,33,63,91,77,87,90,100,83,97,88,95,91,72,83,83,93,171,68,42,-28,30,36,36,9,16,0]} 1. Nf3 c5 2. b3 d6 3. c4 e5 4. e3 {[#]} b5 $146 ({Predecessor:} 4... g6 5. Bb2 Bg7 6. g3 Ne7 7. Bg2 O-O 8. Nc3 Nbc6 9. O-O h6 10. d3 Be6 11. Nd2 {0-1 (41) Karjakin,S (2770)-Gelfand,B (2759) Sochi 2014}) 5. cxb5 e4 6. Ng1 {A04: Unusual lines after 1 Nf3 and King's Indian Attack.} Bb7 7. Bb2 Nd7 8. d4 {White is better.} exd3 9. Qxd3 Ngf6 10. Nf3 d5 11. Qc2 Rc8 12. Be2 d4 (12... Bd6 $16) 13. exd4 (13. Nbd2 $18) 13... cxd4 $14 14. Qd3 (14. Qd2 $14) 14... Be4 (14... Bxf3 $142 15. gxf3 Ne5) 15. Qxd4 $11 {Nc3 is the strong threat.} Rc2 {[#] White must now prevent ...Bc5.} 16. b4 {To avoid Bc5. And now Bd1 would win.} Qe7 {aiming for ...Bxf3.} 17. Kd1 {Weighted Error Value: White=0.24 (precise) /Black=0.22 (precise)} 1/2-1/2

[Event "Chile Championship Absolute 2022"]
[Site "Las Condes"]
[Date "2022.02.20"]
[Round "3.4"]
[White "Diaz Villagran, Robert"]
[Black "Barriga Silva, Felipe"]
[Result "1/2-1/2"]
[WhiteElo "2318"]
[BlackElo "2162"]
[Annotator "TA"]
[PlyCount "93"]
[EventDate "2022.02.18"]
[EventType "tourn"]
[EventCountry "CHI"]
[SourceTitle "playchess.com"]
[Source "ChessBase"]
[SourceQuality "1"]

{[%evp 20,93,20,19,30,15,32,0,7,0,0,0,0,-12,-1,-29,-26,-40,-48,-127,-58,-77,-19,-25,0,0,0,0,0,0,0,0,0,0,0,0,0,0,0,-36,0,-69,0,0,0,0,3,0,1,0,7,11,13,0,1,0,0,-8,0,-28,1,0,0,0,8,0,0,0,0,0,0,0,0,0,0,0]} 1. e4 c5 2. Nf3 d6 3. d3 g6 4. g3 Bg7 5. Bg2 Nc6 6. O-O e5 7. c3 Nge7 8. a3 a5 9. a4 O-O 10. Na3 h6 11. Nd2 {[%cal Bf3d2,Bd2e4,Be4d6][%mdl 32]} d5 {A04: Unusual lines after 1 Nf3 and King's Indian Attack.} 12. exd5 Nxd5 13. Nb5 Rb8 14. Re1 b6 15. Ne4 Be6 16. Ned6 {[#] Prevents Rb7.} Qd7 $146 ({Predecessor:} 16... Kh7 17. Qc2 f5 18. f4 Bg8 19. fxe5 Nxe5 20. Nc4 Ng4 21. h3 Ngf6 22. Ne5 Rc8 {1-0 (46) Drljevic,L (2248)-Pavlidou,E (2135) Rijeka 2010}) 17. Qc2 (17. Nc4 $5 {[%cal Rf2f4]}) 17... Rfd8 18. f4 exf4 $1 19. gxf4 {[#]} (19. Bxf4 $15 Nxf4 20. gxf4) 19... Nce7 (19... Na7 $1 $17 20. f5 gxf5) 20. Qf2 Nc7 (20... Nf5 $17 21. Nc4 Nc7 22. Nxc7 Qxc7) 21. f5 $11 Nxf5 (21... gxf5 $5 {[%cal Rc7b5]} 22. Nxc7 Qxc7 $16) 22. Nxf5 Bxf5 23. Nxc7 Qxc7 24. Bf4 Qd7 {Hoping for ...Rbc8.} 25. Bxb8 Rxb8 26. Be4 {[#] aiming for Bxf5.} Be6 27. Qf3 Rd8 28. Re3 h5 29. Qf4 {To avoid Bh6} Kh7 {[%mdl 1024] Black has compensation.} 30. Rg3 (30. Qh4 $11) 30... Bh6 ({Black should try} 30... f5 $15 31. Bg2 Bh6) 31. Qf6 {[%cal Re4g6] Threatening mate with Bxg6+!} Bg7 32. Qg5 Kg8 33. Re1 {[%cal Oe4g6]} Rf8 34. Bf3 {[%cal Of3h5]} Qd8 35. Qxd8 Rxd8 36. Bc6 Bf6 37. Rf3 Bh4 {A strong pair of Bishops.} 38. Re4 Bg5 39. Rg3 Bf6 (39... Bc1 $5 {[%cal Rc1b2]}) 40. Bb5 {[%cal Og3g6] The position is equal.} Rd6 41. Bc4 {And now Bxe6 would win.} Bf5 42. Rf4 h4 43. Re3 Kg7 {Threatens to win with ...Bg5.} 44. Rf1 Bd7 45. Bb5 Be6 46. Bc4 {Bxe6 is the strong threat.} Bd7 47. Bb5 {Weighted Error Value: White=0.11 (very precise) /Black=0.12 (very precise)} 1/2-1/2

[Event "Chile Championship Absolute 2022"]
[Site "Las Condes"]
[Date "2022.02.19"]
[Round "3.5"]
[White "Vasquez Toledo, Cristian"]
[Black "Bahamondes Ortiz, Benjamin"]
[Result "1-0"]
[WhiteElo "2154"]
[BlackElo "2164"]
[Annotator "NA"]
[PlyCount "53"]
[EventDate "2022.02.18"]
[EventType "tourn"]
[EventCountry "CHI"]
[SourceTitle "playchess.com"]
[Source "ChessBase"]
[SourceQuality "1"]
[TimeControl "5400+30"]

1. e4 {[%emt 0:03:54]} c5 {[%emt 0:11:10]} 2. Nf3 {[%emt 0:00:09]} d6 {[%emt 0:00:41]} 3. d4 {[%emt 0:00:05]} cxd4 {[%emt 0:00:02]} 4. Nxd4 {[%emt 0:00:09]} Nf6 {[%emt 0:00:02]} 5. Nc3 {[%emt 0:00:01]} a6 {[%emt 0:00:10]} 6. Bg5 {[%emt 0:00:30]} e6 {[%emt 0:00:08]} 7. f4 {[%emt 0:00:03]} Qc7 {[%emt 0:00:13]} 8. Qf3 {[%emt 0:00:13]} Nc6 {[%emt 0:00:08]} 9. Bxf6 {[%emt 0:02:15]} gxf6 {[%emt 0:00:03]} 10. O-O-O {[%emt 0:00:07]} h5 {[%emt 0:06:32]} 11. Be2 {[%emt 0:01:10]} Bd7 {[%emt 0:05:23]} 12. f5 {[%emt 0:03:22]} Be7 {[%emt 0:03:39]} 13. Qh3 {[%emt 0:03:36]} Nxd4 {[%emt 0:04:13]} 14. Rxd4 {[%emt 0:00:16]} h4 {[%emt 0:03:26]} 15. Rhd1 {[%emt 0:01:21]} Qa5 {[%emt 0:04:14]} 16. Kb1 {[%emt 0:05:51]} b5 {[%emt 0:02:30]} 17. a3 {[%emt 0:05:39]} Rb8 {[%emt 0:03:05]} 18. fxe6 {[%emt 0:01:38]} fxe6 {[%emt 0:01:11]} 19. Bg4 {[%emt 0:00:14]} b4 {[%emt 0:11:23]} 20. axb4 {[%emt 0:02:55]} Qe5 {[%emt 0:00:07]} 21. g3 {[%emt 0:12:33]} f5 {[%emt 0:06:14]} 22. exf5 {[%emt 0:00:10]} exf5 {[%emt 0:00:55]} 23. Be2 {[%emt 0:01:32]} hxg3 {[%emt 0:01:53]} 24. Qxg3 {[%emt 0:00:06]} Qxg3 {[%emt 0:02:49]} 25. hxg3 {[%emt 0:00:02]} Bc8 {[%emt 0:08:15]} 26. Nd5 {[%emt 0:00:33]} Rh3 {[%emt 0:02:00]} 27. Re1 {[%emt 0:00:58]} 1-0

[Event "Chile Championship Absolute 2022"]
[Site "Las Condes"]
[Date "2022.02.20"]
[Round "3.6"]
[White "Lopez Silva, Hugo Andres"]
[Black "Salinas Herrera, Pablo Patricio"]
[Result "1/2-1/2"]
[WhiteElo "2407"]
[BlackElo "2517"]
[Annotator "TA"]
[PlyCount "53"]
[EventDate "2022.02.18"]
[EventType "tourn"]
[EventCountry "CHI"]
[SourceTitle "playchess.com"]
[Source "ChessBase"]
[SourceQuality "1"]

{[%evp 10,53,20,10,11,0,6,6,22,11,10,0,0,0,21,0,22,25,8,23,30,29,19,20,14,-19,-11,-15,-15,-20,0,0,9,0,16,0,0,0,0,0,0,0,0,0,37,20]} 1. e4 e5 2. Nf3 Nc6 3. Bc4 Bc5 4. c3 Nf6 5. d3 d6 6. Nbd2 a5 {6...a5 is the modern continuation. C54: Giuoco Piano: 4 c3 Nf6, main lines with 5 d4 and 5 d3.} 7. Bb3 O-O 8. O-O Ba7 {The position is equal.} 9. h3 Be6 10. Bc2 {[#]} d5 $146 ({Predecessor:} 10... Ne8 11. Re1 f5 12. Nf1 fxe4 13. dxe4 Qf6 14. Ng3 Qg6 15. Be3 Bxe3 16. Rxe3 Nf6 {1-0 (41) Rodchenkov,S (2346)-Kett,T (2136) Chess.com INT 2022}) 11. exd5 Qxd5 12. Ng5 {[%cal Bf3g5,Bg5e4,Be4c5][%mdl 32]} Bc8 13. Nde4 Nxe4 14. Nxe4 Bf5 15. Qf3 {[%cal Oe4f6] [#] Nf6+! is the strong threat.} Qd7 16. Be3 Bg6 17. Nc5 Qe7 18. Qd5 Nd8 {[#] And now ...c6 would win.} 19. a4 ({Not} 19. Nxb7 $2 c6 20. Qxa5 Nxb7 $19) 19... Re8 (19... c6 $5 20. Qc4 Kh8 $11) 20. Rfe1 ({Wrong is} 20. Nxb7 $2 c6 21. Qxa5 Qxb7 22. Bxa7 Qxb2 $19) 20... Qd6 (20... c6 $5 21. Qc4 Bf5 $11) 21. Qc4 Qc6 22. Qb5 Qxb5 23. axb5 Bxc5 24. Bxc5 {[%cal Be3c5,Bc5a3,Ba3d6][%mdl 32]} b6 25. Ba3 {[%cal Of2f4]} Nb7 26. Rad1 Nd6 27. Bxd6 {A balanced but interesting game.  Weighted Error Value: White=0.07 (flawless) /Black=0.07 (flawless)} 1/2-1/2

[Event "Chile Championship Absolute 2022"]
[Site "Las Condes"]
[Date "2022.02.20"]
[Round "4.1"]
[White "Palma Neira, Eliseo Maximiliano"]
[Black "Salinas Herrera, Pablo Patricio"]
[Result "0-1"]
[WhiteElo "2029"]
[BlackElo "2517"]
[Annotator "TA"]
[PlyCount "68"]
[EventDate "2022.02.18"]
[EventType "tourn"]
[EventCountry "CHI"]
[SourceTitle "playchess.com"]
[Source "ChessBase"]
[SourceQuality "1"]

{[%evp 9,68,10,27,29,33,8,17,-10,25,6,45,53,50,-13,42,0,0,0,0,0,-12,-100,-95,-137,-118,-162,-170,-164,-164,-158,-166,-158,-164,-156,-144,-230,-208,-348,-334,-332,-303,-339,-347,-564,-409,-412,-401,-677,-687,-1064,-1033,-1427,-1056,-1060,-1062,-1055,-1024,-1035,-1020,-972,-911]} 1. d4 e6 2. c4 d5 3. Nc3 Nf6 4. Nf3 a6 5. c5 g6 6. Bf4 {D37: Queen's Gambit Declined: 5 Bf4.} Bg7 {[#]} 7. g3 $146 ({Predecessor:} 7. h3 Nc6 8. e3 O-O 9. Be2 Ne4 10. O-O Qe7 11. Bh2 Rd8 12. Qc2 Nxc3 13. Qxc3 {0-1 (50) Shankland,S (2708)-Maghsoodloo,P (2706) Kolkata 2021}) 7... Nc6 {[%cal Bb8c6,Bc6e7,Be7f5][%mdl 32]} 8. Ne5 {The position is equal.} Ne7 9. Qa4+ c6 10. Bg2 O-O 11. g4 {Prevents Nh5.} (11. O-O $14) 11... Ne8 (11... Nd7 $11) 12. g5 (12. Bg3 $14) 12... Nf5 13. h4 f6 14. gxf6 Nxf6 15. Bf3 {[#]} (15. O-O-O $11) 15... Nd7 $1 $17 {Black keeps a firm grip on the game.} 16. Bg5 (16. h5 $142) 16... Qe8 {[%cal Of5d4] Threatens to win with ...Nxd4!} 17. Bf4 {[#]} (17. O-O-O $17 {keeps fighting.}) 17... Nxd4 $1 $19 {[%mdl 512]} 18. Qxd4 {[#]} Rf5 $1 19. Qd2 {aiming for Nxd7.} Nxe5 20. Bxe5 Bxe5 21. h5 g5 22. h6 (22. Bg4 $17 {was called for.} Rf4 23. Rg1) 22... Qe7 23. Rh5 (23. Bg4 $142) 23... Bd7 {[%cal Bc8d7,Bd7e8,Be8g6,Bg6e4,Be4g2][%mdl 32]} 24. e4 {[#]} Bf4 $1 25. Qe2 (25. Qc2 Rff8) 25... Re5 26. b4 $2 (26. Kf1) 26... Be8 27. Rh3 Bg6 28. Bh5 (28. Rd1 $142) 28... Bxe4 {This bishop pair is nice. Black is clearly winning.} 29. Kd1 Qf6 {Hoping for ...Bf5.} 30. Qb2 Bg2 31. Rd3 Qxh6 32. Be2 Qh4 33. Kc2 Qxf2 34. Kb3 d4 {Weighted Error Value: White=0.69/Black=0.27 (precise)} 0-1